|
|
|
|
| LEADER |
00000nab a2200000 a 4500 |
| 001 |
vtls000828882 |
| 003 |
SK-MaSNL |
| 005 |
20260304120729.0 |
| 008 |
250429c2003 xo 0 slo |
| 015 |
|
|
|a SNBRB2003/03-08200
|
| 035 |
|
|
|a CLN000180537
|
| 035 |
|
|
|a urn:nbn:sk:snk-aba0hk
|
| 035 |
|
|
|a (urnnbn)urn:nbn:sk:snk:ar-a097na
|
| 035 |
|
|
|a (uuid)934d0a35-2753-48ba-a6c5-b8289eee9b5f
|
| 040 |
|
|
|a SNKBUCL
|b slo
|c SNKBUCL
|e AACR2
|
| 041 |
0 |
|
|a slo
|
| 044 |
|
|
|a xo
|c SK
|
| 080 |
|
|
|a 327.39(100)
|2 1997
|
| 080 |
|
|
|a 341.232.7
|2 1997
|
| 080 |
|
|
|a 321.8
|2 1997
|
| 100 |
1 |
|
|a Kéri, Lászlóo
|4 ive
|9 1425035
|
| 245 |
1 |
0 |
|a Výzvy globalizácie
|b rozhovor s politológom Lászlóom Kérim, pracovníkom Ústavu politických vied Maďarskej akadémie vied ; preklad: Katarína Borbášová
|
| 650 |
0 |
7 |
|a globalizácia politická
|2 snkbucl
|9 893497
|
| 655 |
|
7 |
|a články z novín a časopisov
|2 snkbucl
|9 267496
|
| 700 |
1 |
|
|a Borbášová, Katarína
|4 trl
|9 301240
|
| 773 |
0 |
|
|t OS
|g Roč. 7, č. 3 (2003), s. 27-36
|x 1335-2296
|
| 850 |
|
|
|a Slovenská národná knižnica
|
| 852 |
|
|
|a Slovenská národná knižnica
|
| 954 |
|
|
|a odborná, vedecká literatúra pôvodná (slovenská)
|2 lita
|
| 958 |
|
|
|a article13
|
| 958 |
|
|
|a OND
|
| 958 |
|
|
|a EUIPO
|
| 992 |
|
|
|a RBX
|
| 999 |
|
|
|c 2881213
|d 2883143
|